000 01070cam a2200289 a 4500
999 _c20319
_d20319
001 2982233
003 OSt
005 20200320150729.0
008 920214s1991 enk b 001 0 eng
020 _a9780140144239
040 _coclc
082 0 0 _a297.122
_bZAK/M
100 _aZakaria, Rafiq
_d1920-2005.
_92137
245 1 0 _aMuhammad and the Quran /
_cRafiq Zakaria
260 _aLondon, England ;
_aNew York, N.Y., USA :
_bPenguin Books,
_c1991.
300 _a 443 p. ;
_c20 cm.
500 _a"A Penguin original"--Cover.
500 _aIncludes selections from the Koran in English.
504 _aIncludes bibliographical references (p. 421-429) and index.
600 0 0 _aMuḥammad,
_cProphet,
_d-632.
630 0 0 _aQurʼan
_xCriticism, interpretation, etc.
650 0 _aIslam
_vApologetic works.
730 0 2 _aQurʼan.
_kSelections.
_lEnglish.
906 _a7
_bcbc
_corignew
_d2
_encip
_f19
_gy-gencatlg
942 _2ddc
_cBK
_h297.122
_iZAK/M
_k297.122
_mZAK/M